000 00421nam a2200157 i 4500
001 145827
003 ES-MaACL
005 20230906201328.0
007 t|
008 071017s1971 sp ||||1| spa d
100 1 _aVergés, Salvador.
_9114112
245 1 0 _a¿Confesión hoy? /
_cSalvador Vergés, S.J.
260 _aMadrid :
_bStudium,
_c[1971]
300 _a174 p. ;
_c19 cm.
852 _aES-MaACL
_jC-49628
_bR.76803
999 _c145827
_d145827